Reclutamiento, selección, contratación e inducción del personal (Registro nro. 6828)
[ vista simple ]
| 000 -CABECERA | |
|---|---|
| campo de control de longitud fija | 01197ata a2200409 4500 |
| 005 - FECHA Y HORA DE ACTUALIZACIÓN | |
| campo de control | 20241018184648.0 |
| 008 - LONGITUD FIJA | |
| campo de control de longitud fija | 150728b xxu||||| |||| 00| 0 spa d |
| 041 ## - IDIOMA | |
| Código de idioma del texto/pista de sonido o título separado | |
| 082 ## - CLASIFICACIÓN DECIMAL DEWEY | |
| Número de clasificación | 658.311 G733r3 |
| 100 ## - AUTOR PERSONAL | |
| Nombre de persona | Grados Espinoza, Jaime |
| 245 ## - TÍTULO PROPIAMENTE DICHO | |
| Título | Reclutamiento, selección, contratación e inducción del personal |
| 250 ## - EDICIÓN | |
| Mención de edición | 3 edición |
| 260 ## - PIE DE IMPRENTA | |
| Lugar de publicación, distribución, etc. | México |
| Nombre del editor, distribuidor, etc. | El Manual Moderno |
| Fecha de publicación, distribución, etc. | 2003 |
| 300 ## - DESCRIPCIÓN FÍSICA | |
| Extensión | 352 páginas |
| 650 ## - Materia General | |
| Materia general | RECURSOS HUMANOS |
| 650 ## - Materia General | |
| Materia general | SELECCIÓN DE PERSONAL |
| 650 ## - Materia General | |
| Materia general | CONTRATACIÓN DE PERSONAL |
| 650 ## - Materia General | |
| Materia general | INDUCCIÓN DE PERSONAL |
| 650 ## - Materia General | |
| Materia general | ORGANIZACIÓN |
| 650 ## - Materia General | |
| Materia general | PUESTOS |
| 650 ## - Materia General | |
| Materia general | DIRECCIÓN DE EMPRESAS |
| 650 ## - Materia General | |
| Materia general | EMPRESAS DE SERVICIOS |
| 650 ## - Materia General | |
| Materia general | SELECCIÓN POR COMPETENCIAS |
| 650 ## - Materia General | |
| Materia general | ORGANIGRAMAS |
| 650 ## - Materia General | |
| Materia general | EMPRESAS DE PRODUCCIÓN |
| 650 ## - Materia General | |
| Materia general | PERFIL PROFESIONAL |
| 650 ## - Materia General | |
| Materia general | EMPRESAS COMERCIALES |
| 650 ## - Materia General | |
| Materia general | ADMINISTRACIÓN PÚBLICA |
| 650 ## - Materia General | |
| Materia general | ENTREVISTA |
| 650 ## - Materia General | |
| Materia general | COOPERATIVISMO |
| 650 ## - Materia General | |
| Materia general | ANÁLISIS DE PUESTOS |
| 650 ## - Materia General | |
| Materia general | TESTS PSICOMETRICOS |
| 650 ## - Materia General | |
| Materia general | TESTS PSICOLÓGICOS |
| 650 ## - Materia General | |
| Materia general | REGLAMENTO INTERIOR DE TRABAJO |
| 650 ## - Materia General | |
| Materia general | OUTSOURCING |
| 942 ## - Punto de Acceso Adicional Koha | |
| Tipo de ítem Koha | Libro |
| Estado perdido | Fuente de clasificación o esquema de estantería | Estado dañado | No para préstamo | Biblioteca permanente | Biblioteca actual | Enumeración serial/Volumen | Signatura completa | Código de barras | Precio efectivo a partir del | Programa Académico | Tipo de ítem |
|---|---|---|---|---|---|---|---|---|---|---|---|
| Dewey Decimal Classification | Departamento de Biblioteca y Documentación Alfonso Chase Brenes | Departamento de Biblioteca y Documentación Alfonso Chase Brenes | 3 edición | 658.311 G733r3 | 11960 | 11/03/2016 | Libro |